Základy stavby výrobných strojov

Na minha lista:
Detalhes bibliográficos
Autor principal: Kováč, Andrej (Author)
Formato: Livro
Idioma:eslovaco
Publicado em: BratislavaBratislava : STU v Bratislave, 1988
Edição:2. vyd.
Tags: Adicionar Tag
Sem tags, seja o primeiro a adicionar uma tag!

MARC

LEADER 00000nam a22000003a 4500
001 stu85535
005 20150617225628.9
008 040401s1988----cs------------------slo-d
040 |a STU  |b slo 
041 0 |a slo 
044 |a cs 
080 |a 621.9.001.66(075.8) 
100 1 |a Kováč, Andrej  |4 aut 
245 1 |a Základy stavby výrobných strojov 
250 |a 2. vyd. 
260 |a BratislavaBratislava :  |b STU v Bratislave,  |c 1988 
300 |a 472 s 
996 |b 284J018746  |c J*2221-2  |l JJSK  |s A  |a 24  |w stu85535_0001 
996 |b 284J018849  |c J*2221-1  |l JJSK  |s A  |a 24  |w stu85535_0002